Sun, Moon & Feather /

This prize-winning musical comedy/documentary, blending documentary, musical theater and personal memoir, is about three Native American sisters growing up in Brooklyn during the 1930s and '40s. It features Lisa, Gloria and Muriel Miguel, who have been performing their family stories profession...

Full description

Bibliographic Details
Other Authors: Zipp, Jane (Director, Producer), Rosen, Bob (Director, Producer)
Format: Video
Language:English
Language Notes:In English.
Published: New York, NY : Cinema Guild, 1989.
Series:Academic Video Online
Subjects:
Online Access:Connect to this streaming video (Alexander Street Press)

MARC

Tag First Indicator Second Indicator Subfields
LEADER 00000cgm a2200000 i 4500
001 in00005589813
006 m o c
007 cr |n||||||||a
007 vz |za|z|
008 190514s1989 nyu026 e o vueng d
005 20241201233314.6
035 |a (OCoLC)on1104051932 
040 |a ALSTP  |b eng  |e rda  |e pn  |c ALSTP  |d OCLCO  |d OCLCF  |d OCLCQ  |d OCLCA  |d OCLCO  |d OCL  |d OCLCA  |d OCLCQ  |d OCL  |d OCLCO  |d OCLCL  |d OCLCA  |d OCLCQ  |d DXU 
019 |a 1373419506  |a 1444003552 
035 |a (OCoLC)1104051932  |z (OCoLC)1373419506  |z (OCoLC)1444003552 
043 |a n-us-ny 
082 0 4 |a 974.723  |q OCoLC 
049 |a TXAM 
245 0 0 |a Sun, Moon & Feather /  |c Spiderwoman Theatre ; Metropolitan Arts presents ; a film by Jane Zipp, Bob Rosen. 
246 3 0 |a Sun, Moon and Feather 
264 1 |a New York, NY :  |b Cinema Guild,  |c 1989. 
300 |a 1 online resource (26 min.) 
306 |a 002600 
336 |a two-dimensional moving image  |b tdi  |2 rdacontent 
337 |a computer  |b c  |2 rdamedia 
337 |a video  |b v  |2 rdamedia 
338 |a online resource  |b cr  |2 rdacarrier 
347 |a video file  |2 rda 
490 0 |a Academic Video Online 
500 |a Title from resource description page (viewed May 14, 2019). 
511 1 |a Lisa, Gloria, and Muriel Miguel. 
520 |a This prize-winning musical comedy/documentary, blending documentary, musical theater and personal memoir, is about three Native American sisters growing up in Brooklyn during the 1930s and '40s. It features Lisa, Gloria and Muriel Miguel, who have been performing their family stories professionally for more than a decade in a presentational style rich in humor and with an elemental power that recalls the spirit of American Indian myths. 
546 |a In English. 
650 0 |a Urban Indigenous peoples  |z New York (State)  |z New York. 
650 0 |a Indians of North America  |z New York (State)  |z New York. 
650 0 |a Indian women  |z New York (State)  |z New York. 
650 0 |a Sisters  |z New York (State)  |z New York. 
650 6 |a Autochtones  |x Habitat urbain  |z New York (État)  |z New York. 
650 6 |a Femmes des Peuples autochtones  |z New York (État)  |z New York. 
650 6 |a Sœurs  |z New York (État)  |z New York. 
650 7 |a Indian women  |2 fast 
650 7 |a Indians of North America  |2 fast 
650 7 |a Urban Indigenous peoples  |2 fast 
650 7 |a Sisters  |2 fast 
651 7 |a New York (State)  |z New York  |2 fast  |1 https://id.oclc.org/worldcat/entity/E39QbtfRvQh7864Jh4rDGBFDWc 
655 7 |a documentary film.  |2 aat 
655 7 |a Comedy films  |2 fast 
655 7 |a Documentary films  |2 fast 
655 7 |a Musical films  |2 fast 
655 7 |a Documentary films.  |2 lcgft 
655 7 |a Comedy films.  |2 lcgft 
655 7 |a Musical films.  |2 lcgft 
655 7 |a Documentaires.  |2 rvmgf 
655 7 |a Films comiques.  |2 rvmgf 
655 7 |a Films musicaux.  |2 rvmgf 
700 1 |a Zipp, Jane,  |e director,  |e producer. 
700 1 |a Rosen, Bob,  |e director,  |e producer. 
710 2 |a Metropolitan Arts, Inc.,  |e production company. 
710 2 |a Spiderwoman Theatre,  |e production company. 
710 2 |a Cinema Guild,  |e film distributor. 
856 4 0 |u http://proxy.library.tamu.edu/login?url=https://www.aspresolver.com/aspresolver.asp?MARC;4072742  |z Connect to this streaming video (Alexander Street Press)  |t 0 
955 |a Alexander Street Press subscription streaming video 
994 |a 92  |b TXA 
999 f f |s 8b5095de-77f2-46a1-bda7-c0ebd8509179  |i 3ff18212-e725-414e-9e21-64ab643c8348  |t 0 
952 f f |a Texas A&M University  |b College Station  |c Electronic Resources  |d Available Online  |t 0  |h Library of Congress classification 
998 f f |t 0  |l Available Online